<?xml version="1.0" encoding="UTF-8"?>
<record
    xmlns:xsi="http://www.w3.org/2001/XMLSchema-instance"
    xsi:schemaLocation="http://www.loc.gov/MARC21/slim http://www.loc.gov/standards/marcxml/schema/MARC21slim.xsd"
    xmlns="http://www.loc.gov/MARC21/slim">

  <leader>03118nam a2200553Ia 4500</leader>
  <controlfield tag="001">2802</controlfield>
  <controlfield tag="008">241029s9999    xx            000 0 und d</controlfield>
  <datafield tag="010" ind1=" " ind2=" ">
    <subfield code="a">2634</subfield>
  </datafield>
  <datafield tag="041" ind1=" " ind2=" ">
    <subfield code="a">Espa&#xF1;ol</subfield>
  </datafield>
  <datafield tag="082" ind1=" " ind2=" ">
    <subfield code="a">M.G.C. 016 </subfield>
  </datafield>
  <datafield tag="245" ind1=" " ind2="0">
    <subfield code="a">Incidencia de la gesti&#xF3;n de centro en la prevenci&#xF3;n de embarazo en adolescentes del Nivel Medio, del Centro Educativo Juan Antonio Collado, a&#xF1;o 2008-2009</subfield>
  </datafield>
  <datafield tag="260" ind1=" " ind2=" ">
    <subfield code="a">Santiago</subfield>
  </datafield>
  <datafield tag="300" ind1=" " ind2=" ">
    <subfield code="a">127</subfield>
  </datafield>
  <datafield tag="520" ind1=" " ind2=" ">
    <subfield code="a">27</subfield>
  </datafield>
  <datafield tag="630" ind1=" " ind2=" ">
    <subfield code="a">Comunidad Educativa</subfield>
  </datafield>
  <datafield tag="630" ind1=" " ind2=" ">
    <subfield code="a">Educaci&#xF3;n</subfield>
  </datafield>
  <datafield tag="630" ind1=" " ind2=" ">
    <subfield code="a">Estudiantes</subfield>
  </datafield>
  <datafield tag="650" ind1=" " ind2=" ">
    <subfield code="a">Gesti&#xF3;n Educativa</subfield>
  </datafield>
  <datafield tag="690" ind1=" " ind2=" ">
    <subfield code="a">Sintetizado</subfield>
  </datafield>
  <datafield tag="700" ind1=" " ind2=" ">
    <subfield code="e">asesor</subfield>
    <subfield code="a">Mart&#xED;nez, Margarita</subfield>
  </datafield>
  <datafield tag="700" ind1=" " ind2=" ">
    <subfield code="e">autor</subfield>
    <subfield code="a">Ynfante Mer&#xE1;n, Alba Yris </subfield>
  </datafield>
  <datafield tag="700" ind1=" " ind2=" ">
    <subfield code="e">autor</subfield>
    <subfield code="a">Mer&#xE1;n,  Dolores Socorro </subfield>
  </datafield>
  <datafield tag="901" ind1=" " ind2=" ">
    <subfield code="a">{"1":"Ynfante Mer&#xE1;n","2":"Mer&#xE1;n"}</subfield>
    <subfield code="b">{"1":"Alba Yris ","2":" Dolores Socorro "}</subfield>
  </datafield>
  <datafield tag="902" ind1=" " ind2=" ">
    <subfield code="a">1</subfield>
  </datafield>
  <datafield tag="903" ind1=" " ind2=" ">
    <subfield code="a">{"1":"Mart&#xED;nez"}</subfield>
    <subfield code="b">{"1":"Margarita"}</subfield>
  </datafield>
  <datafield tag="904" ind1=" " ind2=" ">
    <subfield code="a">Maestr&#xED;a en</subfield>
  </datafield>
  <datafield tag="905" ind1=" " ind2=" ">
    <subfield code="a">Gesti&#xF3;n Educativa</subfield>
  </datafield>
  <datafield tag="906" ind1=" " ind2=" ">
    <subfield code="a">2</subfield>
  </datafield>
  <datafield tag="907" ind1=" " ind2=" ">
    <subfield code="a">NO APLICA</subfield>
  </datafield>
  <datafield tag="908" ind1=" " ind2=" ">
    <subfield code="a">NO APLICA</subfield>
  </datafield>
  <datafield tag="909" ind1=" " ind2=" ">
    <subfield code="a">ISFODOSU, Recinto Lu&#xED;s Napole&#xF3;n N&#xFA;&#xF1;ez Molina</subfield>
  </datafield>
  <datafield tag="910" ind1=" " ind2=" ">
    <subfield code="a">NULL</subfield>
    <subfield code="b">NULL</subfield>
  </datafield>
  <datafield tag="911" ind1=" " ind2=" ">
    <subfield code="a">["1"]</subfield>
  </datafield>
  <datafield tag="912" ind1=" " ind2=" ">
    <subfield code="a">NO APLICA</subfield>
  </datafield>
  <datafield tag="913" ind1=" " ind2=" ">
    <subfield code="a">NULL</subfield>
  </datafield>
  <datafield tag="914" ind1=" " ind2=" ">
    <subfield code="a">01 de Mayo de 2009</subfield>
  </datafield>
  <datafield tag="915" ind1=" " ind2=" ">
    <subfield code="a">20/07/15 11:07</subfield>
  </datafield>
  <datafield tag="916" ind1=" " ind2=" ">
    <subfield code="a">NULL</subfield>
  </datafield>
  <datafield tag="917" ind1=" " ind2=" ">
    <subfield code="a">NULL</subfield>
  </datafield>
  <datafield tag="918" ind1=" " ind2=" ">
    <subfield code="a">NO APLICA</subfield>
  </datafield>
  <datafield tag="919" ind1=" " ind2=" ">
    <subfield code="a">["45","72","96"]</subfield>
  </datafield>
  <datafield tag="520" ind1=" " ind2=" ">
    <subfield code="a">En la &#xE9;poca actual son muchos los casos de embarazos en adolescentes que se registran en los diferentes centros hospitalarios del pa&#xED;s, por esa raz&#xF3;n, la investigaci&#xF3;n se enfoc&#xF3; en analizar la incidencia de la gesti&#xF3;n de centro para la prevenci&#xF3;n de embarazo en adolescentes de 1ero a 4to. grado del Centro Educativo Juan Antonio Collado. La metodolog&#xED;a es de tipo descriptivo ? explorativo, porque se fundament&#xF3; en la observaci&#xF3;n de un problema. El instrumento utilizado fue un cuestionario que fue aplicado a la muestra constituida por 162 estudiantes, 130 padres, 11 docentes y 1 directora.Los resultados indicaron que una gran parte de los j&#xF3;venes en edad de adolescencia hacen uso exagerado de su libertad, convirti&#xE9;ndose de ese modo en libertinaje. Que los adolescentes no siguen las orientaciones que les ofrecen la mayor&#xED;a de los/as profesores/as, padres, madres o tutores. Adem&#xE1;s, se comprob&#xF3; que las orientaciones que les brindan los padres a sus hijos no son suficientes, pues seg&#xFA;n el 45 % de los alumnos entrevistados, sus padres muy pocas veces les orientan sobre el tema relacionado con la sexualidad.La investigaci&#xF3;n sugiere al Ministerio de Educaci&#xF3;n crear un Departamento de orientaci&#xF3;n y psicolog&#xED;a en el Centro, para que se encargue de impartir los temas de educaci&#xF3;n sexual y brindarles a los/as alumnos/as las pautas necesarias para prevenir los embarazos en adolescentes.&#xA0;&#xA0;&#xA0;Tambi&#xE9;n, propone organizar talleres, jornadas y charlas con los profesores, padres, estudiantes y grupos organizados de la comunidad donde se desarrollen temas relacionados con esta problem&#xE1;tica.</subfield>
  </datafield>
  <datafield tag="921" ind1=" " ind2=" ">
    <subfield code="a">11</subfield>
  </datafield>
  <datafield tag="922" ind1=" " ind2=" ">
    <subfield code="a">11</subfield>
  </datafield>
  <datafield tag="923" ind1=" " ind2=" ">
    <subfield code="a">0</subfield>
  </datafield>
  <datafield tag="924" ind1=" " ind2=" ">
    <subfield code="a">NO APLICA</subfield>
  </datafield>
  <datafield tag="942" ind1=" " ind2=" ">
    <subfield code="c">Tesis</subfield>
  </datafield>
  <datafield tag="999" ind1=" " ind2=" ">
    <subfield code="c">2634</subfield>
    <subfield code="d">2634</subfield>
  </datafield>
</record>
